Marine Organisms #1 - Statistics

General Stats
  • This quiz has been taken 66 times
  • The average score is 4 of 12
Answer Stats
Picture Answer % Correct
Hermit Crab
95%
Basking Shark
67%
Barnacles
59%
Yellow Fin Tuna
51%
Japanese Spider Crab
48%
Sailfish
44%
Pilot Whale
20%
Loggerhead Turtle
18%
Epaulette Shark
10%
hawaiian monk seal
8%
Black Caiman
5%
Two-Spot Octopus
5%
No matching quizzes found
Score Distribution
Percent of People with Each Score
Percentile by Number Answered
Your Score History
You have not taken this quiz